Teoría del comercio y política comercial para el desarrollo / (Record no. 92450)

MARC details
000 -LEADER
campo de control de longitud fija 00585nam a2200169 i 4500
001 - NÚMERO DE CONTROL
campo de control 92450
003 - IDENTIFICADOR DE NÚMERO DE CONTROL
campo de control ES-MaACL
007 - CAMPO FIJO DE DESCRIPCIÓN FÍSICA--INFORMACIÓN GENERAL
campo de control de longitud fija t|
008 - DATOS DE LONGITUD FIJA--INFORMACIÓN GENERAL
campo de control de longitud fija 050308s1965 mx ||||1| spa d
100 1# - ENTRADA PRINCIPAL--NOMBRE DE PERSONA
Nombre de persona Linder, Staffan Burenstan.
9 (RLIN) 72396
245 10 - MENCIÓN DEL TÍTULO
Título Teoría del comercio y política comercial para el desarrollo /
Mención de responsabilidad, etc. Staffan Burenstam Linder.
250 ## - MENCION DE EDICION
Mención de edición [1ª ed.].
260 ## - PUBLICACIÓN, DISTRIBUCIÓN, ETC.
Lugar de publicación, distribución, etc. México :
Nombre del editor, distribuidor, etc. Centro de Estudios Monetarios Latinoamericanos,
Fecha de publicación, distribución, etc. 1965.
300 ## - DESCRIPCIÓN FÍSICA
Extensión XIV, 247 p. ;
Dimensiones 22 cm.
710 1# - ENTRADA AGREGADA--NOMBRE DE ENTIDAD CORPORATIVA
Nombre de entidad corporativa o nombre de jurisdicción como elemento de entrada Centro de Estudios Monetarios Latinoamericanos.
9 (RLIN) 134240
852 ## - LOCALIZACIÓN
Ubicación ES-MaACL
Número de control de estantería E-6872
Sublocalización o colección R.91370
Holdings
Estatus retirado Estado de pérdida Estado de daño No para préstamo Biblioteca de origen Biblioteca actual Ubicación en estantería Fecha de adquisición Fuente de adquisición Total de préstamos Signatura topográfica completa Código de barras Visto por última vez Precio de reemplazo Tipo de ítem Koha
        Biblioteca del Ateneo de Madrid Biblioteca del Ateneo de Madrid Depósito 2 17/01/2008     E-6872 1096518 23/02/2023 23/02/2023 Libro impreso